[Event "It (open)"]
[Site "Amsterdam (Netherlands)"]
[Date "2011.07.15"]
[Round "7"]
[White "Overeem Marc (NED)"]
[Black "Burton Graham P (ENG)"]
[Result "1-0"]
[WhiteElo "2153"]
[BlackElo "2048"]

1.c4 e5 2.g3 Nc6 3.Nc3 g6 4.Bg2 Bg7 5.d3 d6 6.e4 Nd4 7.Nce2 Nxe2 8.Nxe2 Be6
9.O-O Qd7 10.f4 Ne7 11.f5 gxf5 12.exf5 Nxf5 13.Bxb7 Rb8 14.Bg2 O-O 15.Nc3 Nd4
16.Rf2 Bg4 17.Qf1 f5 18.Be3 e4 19.dxe4 fxe4 20.Bxe4 Bh3 21.Qd3 c5 22.Rxf8+
Rxf8 23.Bf4 Nf5 24.Re1 Bd4+ 25.Kh1 Qg7 26.Bd5+ Kh8 27.Qd2 Bg4 28.Nb5 Ne7
29.Nxd4 Nxd5 30.Bxd6 Qb7 31.Kg1 Rd8 32.Bxc5 {#r} 1-0

[Event "Cup Artemis (open)"]
[Site "Leros (Greece)"]
[Date "2011.07.15"]
[Round "5"]
[White "Mirzoev Azer (AZE)"]
[Black "Paulet Iosefina (ROM)"]
[Result "1-0"]
[WhiteElo "2468"]
[BlackElo "2236"]

1.c4 e5 2.Nc3 Nc6 3.g3 g6 4.Bg2 Bg7 5.d3 d6 6.e4 Be6 7.Nge2 h5 8.h3 f5 9.exf5
gxf5 10.h4 Nf6 11.Bg5 Qd7 12.Nd5 Qf7 13.Qb3 Nd8 14.O-O-O c6 15.Nxf6+ Bxf6
16.Qa3 O-O 17.Qxd6 b5 18.f4 Bg7 19.fxe5 bxc4 20.d4 Re8 21.Qa3 Bd5 22.Bxd5 cxd5
23.Rhf1 Nc6 24.Qf3 Nb4 25.Nc3 Qb7 26.Kb1 Rab8 27.Rd2 Qa6 28.Qxf5 Rf8 29.Bf6
Rb7 {#r} 1-0

[Event "It (open)"]
[Site "Gdansk (Poland)"]
[Date "2011.07.22"]
[Round "7"]
[White "Dadello Andrzej (POL)"]
[Black "Bugalski Michal (POL)"]
[Result "0-1"]
[WhiteElo "1772"]
[BlackElo "2185"]

1.c4 e5 2.Nc3 Nc6 3.g3 g6 4.Bg2 Bg7 5.d3 d6 6.Nf3 Nge7 7.O-O O-O 8.Rb1 a5 9.a3
h6 10.Qc2 Be6 11.b4 axb4 12.axb4 Qd7 13.e3 Bh3 14.b5 Nd8 15.Bb2 Bxg2 16.Kxg2
f5 17.Ra1 Rb8 18.Nd2 g5 19.h4 Ne6 20.hxg5 hxg5 21.Rh1 Ng6 22.Rh5 f4 23.exf4
Nexf4+ 24.gxf4 Qg4+ 25.Kf1 Qxh5 {#R} 0-1

[Event "It (open)"]
[Site "Condino (Italy)"]
[Date "2011.07.29"]
[Round "7"]
[White "Poletti Fausto (ITA)"]
[Black "Gardi Giuseppe (ITA)"]
[Result "0-1"]
[WhiteElo "1946"]
[BlackElo "2028"]

1.c4 g6 2.Nc3 Bg7 3.g3 e5 4.Bg2 Nc6 5.d3 d6 6.e4 Nge7 7.Nge2 Be6 8.Be3 Qd7
9.Qd2 Bh3 10.Bxh3 Qxh3 11.O-O-O O-O 12.Kb1 Nd4 13.Bxd4 exd4 14.Nb5 c5 15.Nxd6
Qd7 16.Nb5 a6 17.Na3 b5 18.Ka1 Rfb8 19.f4 Nc6 20.h3 Nb4 21.Nc1 Qc7 22.g4 Qa5
23.Nb3 Qb6 24.Nc1 Qc6 25.h4 Nxa2 26.Kxa2 b4 27.b3 bxa3 28.Qa5 Bf6 29.Qxa3 Rb4
30.Kb2 Rab8 31.Na2 Ra4 32.g5 Rxa3 33.Kxa3 Qb7 34.Rb1 Bd8 35.Rhf1 a5 36.Rfe1 a4
{#R} 0-1

[Event "Ch World (juniors) (under 20)"]
[Site "Chennai (India)"]
[Date "2011.08.02"]
[Round "1"]
[White "Bukhalaf Khalil"]
[Black "Girish A Koushik (IND)"]
[Result "0-1"]
[WhiteElo "2004"]
[BlackElo "2379"]

1.c4 e5 2.Nc3 Nc6 3.g3 g6 4.Bg2 Bg7 5.d3 d6 6.Nf3 h6 7.Rb1 Nf6 8.O-O O-O 9.b4
Be6 10.b5 Ne7 11.Nd2 Qc8 12.Nb3 Bh3 13.a4 Nh7 14.Qc2 Bxg2 15.Kxg2 f5 16.e3 f4
17.exf4 exf4 18.Bxf4 Rxf4 19.gxf4 Qg4+ 20.Kh1 Qf3+ 21.Kg1 Qxf4 22.Ne2 Qf3
23.Rfe1 Nf5 24.Ng3 Nh4 25.Kf1 Qg2+ 26.Ke2 Nf3 27.Kd1 Nxe1 28.Kxe1 Re8+ 29.Kd1
Qg1+ 30.Kd2 Qxf2+ {#R} 0-1

[Event "It (open)"]
[Site "Almansa (Spain)"]
[Date "2011.08.10"]
[Round "3"]
[White "Sabater Sanchez Asensio (ESP)"]
[Black "Chueca Forcen Alberto (ESP)"]
[Result "0-1"]
[WhiteElo "2221"]
[BlackElo "2296"]

1.c4 e5 2.g3 Nc6 3.Bg2 g6 4.Nc3 Bg7 5.d3 d6 6.e4 f5 7.Nge2 Nf6 8.O-O O-O 9.Nd5
Be6 10.Bg5 Qd7 11.Qd2 Kh8 12.b4 Ng8 13.b5 Nce7 14.Nxe7 Nxe7 15.exf5 Bxf5
16.Bxb7 Bh3 17.Bg2 Bxg2 18.Kxg2 Nf5 19.Rae1 a6 20.a4 axb5 21.axb5 c6 22.Rb1
cxb5 23.Rxb5 Ra3 24.Be3 Qc6+ 25.Kg1 Qf3 26.Rfb1 h5 27.Bg5 Rxd3 28.Qc2 Nh4
29.gxh4 Qxf2+ 30.Kh1 Rh3 {#R} 0-1

[Event "It \"]
[Site "Barcelona (Spain)"]
[Date "2011.08.21"]
[Round "3"]
[White "Ipatov Alexander (ESP)"]
[Black "Cruz Ravina Francisco Javier (ESP)"]
[Result "1-0"]
[WhiteElo "2562"]
[BlackElo "2399"]

1.c4 d6 2.Nc3 e5 3.g3 g6 4.Bg2 Bg7 5.d3 Nc6 6.Rb1 f5 7.e3 Nf6 8.Nge2 O-O 9.O-O
Be6 10.Nd5 e4 11.dxe4 fxe4 12.Nef4 Bf7 13.b3 Re8 14.Nxf6+ Qxf6 15.Bb2 Qf5
16.Bxg7 Kxg7 17.Qc2 Re5 18.Qc3 Kg8 19.Rbd1 Re7 20.Qc2 Rae8 21.Nd5 Bxd5 22.cxd5
Nd8 23.Rd4 Nf7 24.Rc4 Qxd5 25.Rxc7 Rxc7 26.Qxc7 Ne5 27.Qc2 Nf3+ 28.Bxf3 exf3
29.Rc1 Qe6 30.Qd1 Rf8 31.Rc7 Qe4 32.h3 a6 33.Qxd6 Rf7 34.Rxf7 Qb1+ 35.Kh2 Kxf7
36.Qd7+ Kf6 37.Qxb7 Qd1 38.Qb6+ Kg7 39.Qd4+ {#r} 1-0

[Event "US Chess League"]
[Site "Internet"]
[Date "2011.09.06"]
[Round "2"]
[White "Vigorito David (USA)"]
[Black "Kacheishvili Giorgi (GEO)"]
[Result "0-1"]
[WhiteElo "2430"]
[BlackElo "2589"]

1.c4 e5 2.Nc3 Nc6 3.g3 g6 4.Bg2 Bg7 5.d3 d6 6.e4 Nd4 7.Nce2 Ne6 8.Be3 Nf6 9.h3
O-O 10.Nf3 a6 11.O-O b5 12.Nd2 Rb8 13.Rc1 Nd7 14.a3 b4 15.axb4 Rxb4 16.Nb3
Ndc5 17.Nxc5 dxc5 18.Qc2 f5 19.exf5 gxf5 20.Bd5 Qd6 21.Nc3 Kh8 22.Rce1 Nd4
23.Qc1 Qg6 24.Kh2 f4 25.Bxd4 cxd4 26.Ne2 Qxd3 27.Ng1 c6 28.Be4 Qxc4 29.Qb1 Qb5
30.g4 Rxb2 31.Qc1 c5 32.Nf3 c4 33.Kg2 c3 34.Rd1 Bb7 35.Rfe1 Bxe4 36.Rxe4 Qc6
37.Rde1 d3 {#R} 0-1

[Event "It \"]
[Site "Madrid (Spain)"]
[Date "2011.09.20"]
[Round "6"]
[White "Moreno Ruiz Javier (ESP)"]
[Black "Iturbide Arnedo Oscar (ESP)"]
[Result "1-0"]
[WhiteElo "2536"]
[BlackElo "2128"]

1.c4 g6 2.g3 Bg7 3.Bg2 e5 4.Nc3 Nc6 5.d3 d6 6.e4 Nge7 7.Nge2 Be6 8.Nd5 O-O
9.O-O h6 10.Be3 f5 11.Qd2 Kh7 12.Rac1 Qd7 13.b4 Nd4 14.Bxd4 exd4 15.Nxe7 Qxe7
16.exf5 Bxf5 17.Bxb7 Rab8 18.Bg2 h5 19.Rce1 Bh6 20.Qc2 Qf6 21.b5 Rbe8 22.Nc1
Bxc1 23.Rxe8 Rxe8 24.Rxc1 h4 25.Qd2 Bg4 26.Re1 Rxe1+ 27.Qxe1 h3 28.Bc6 Bf3
29.Qf1 Bxc6 30.Qxh3+ {#r} 1-0

[Event "Ch Croatia (team) (1st league) (a)"]
[Site "Sibenik (Croatia)"]
[Date "2011.10.05"]
[Round "2"]
[White "Navara David (CZE)"]
[Black "Martinovic Sasa (CRO)"]
[Result "1-0"]
[WhiteElo "2705"]
[BlackElo "2513"]

1.c4 e5 2.g3 Nc6 3.Nc3 g6 4.Bg2 Bg7 5.d3 d6 6.e4 f5 7.Nge2 Nf6 8.O-O O-O 9.Nd5
Ne7 10.Nxf6+ Rxf6 11.Bg5 Rf7 12.exf5 Rxf5 13.Qd2 Qf8 14.Rae1 c6 15.d4 h6
16.Be3 Be6 17.d5 cxd5 18.cxd5 Bf7 19.Rc1 e4 20.Bxe4 Bxd5 21.Bxf5 Qxf5 22.Nf4
Bf3 23.Qxd6 g5 24.Rc5 {#r} 1-0

[Event "It (open)"]
[Site "Guernsey"]
[Date "2011.10.18"]
[Round "3"]
[White "Downey Keith (WLS)"]
[Black "Hamperl Fred (GCI)"]
[Result "0-1"]
[WhiteElo "1987"]
[BlackElo "2098"]

1.c4 e5 2.Nc3 Nc6 3.g3 g6 4.Bg2 Bg7 5.d3 d6 6.Rb1 a5 7.a3 f5 8.e3 Nf6 9.Nge2
O-O 10.O-O Ne7 11.f4 c6 12.b4 axb4 13.axb4 Be6 14.Kh1 Qc7 15.b5 Rfe8 16.Qc2 d5
17.fxe5 Qxe5 18.d4 Qd6 19.c5 Qd7 20.b6 Ne4 21.Bb2 g5 22.Kg1 Ng6 23.Ra1 h5
24.Rxa8 Rxa8 25.Ra1 Rxa1+ 26.Bxa1 Kh7 27.Bb2 Qc8 28.Qa4 h4 29.Qa7 Bh6 30.Nd1
hxg3 31.hxg3 f4 32.exf4 gxf4 33.Nxf4 Bxf4 34.gxf4 Nxf4 35.Qa3 Nxg2 36.Kxg2
Qg8+ 37.Kf1 Qg4 38.Qd3 Qf4+ 39.Ke1 Bg4 40.Qe3 Qh2 {#R} 0-1

[Event "Cup Central Asia (open)"]
[Site "Tashkent (Uzbekistan)"]
[Date "2011.10.20"]
[Round "3"]
[White "Holmirzaev Bahodir (UZB)"]
[Black "Galyamov Vildan (UZB)"]
[Result "1-0"]
[WhiteElo "2360"]
[BlackElo "2199"]

1.c4 e5 2.Nc3 Nc6 3.g3 g6 4.Bg2 Bg7 5.d3 d6 6.h4 h6 7.Rb1 a5 8.a3 f5 9.e3 Nf6
10.Nge2 O-O 11.Nd5 Ne7 12.Nxf6+ Bxf6 13.d4 Kh7 14.b3 c6 15.Bb2 Be6 16.dxe5
dxe5 17.Qc2 Qc7 18.Nc3 Bg7 19.Rd1 Rae8 20.h5 g5 21.Kd2 b5 22.Bf1 a4 23.b4 Rd8+
24.Kc1 Rxd1+ 25.Nxd1 c5 26.Nc3 bxc4 27.b5 Qb7 28.e4 Nc8 29.Bg2 f4 30.gxf4 exf4
31.e5+ {#r} 1-0

[Event "It (open)"]
[Site "Arco (Italy)"]
[Date "2011.10.27"]
[Round "6"]
[White "Giancotti Eraldo (ITA)"]
[Black "Londers Jan (BEL)"]
[Result "0-1"]
[WhiteElo "2073"]
[BlackElo "1891"]

1.c4 g6 2.g3 Bg7 3.Bg2 e5 4.Nc3 d6 5.d3 Nc6 6.e4 Nf6 7.Nge2 O-O 8.O-O Nd4 9.h3
Ne8 10.Be3 c5 11.Nd5 Be6 12.Rb1 Bxd5 13.cxd5 b5 14.b4 cxb4 15.Nxd4 exd4 16.Bd2
a5 17.a3 Nf6 18.axb4 a4 19.Bf4 Rc8 20.Rc1 Rc3 21.Rxc3 dxc3 22.d4 Qc7 23.Qd3
Qc4 24.Qxc4 bxc4 25.Bxd6 Ra8 26.e5 a3 27.Ra1 a2 28.exf6 Bxf6 29.Be7 Bxd4 30.d6
Ra7 31.d7 Rxd7 32.Bc5 Bxc5 33.bxc5 c2 34.Bf3 Rd3 35.c6 Rb3 36.Kg2 Rb1 {#R} 0-1

[Event "Ch Netherlands (team) 2011/12"]
[Site "Netherlands"]
[Date "2011.11.26"]
[Round "3"]
[White "Trella Thomas (GER)"]
[Black "Van Kerkhof David (NED)"]
[Result "0-1"]
[WhiteElo "2415"]
[BlackElo "2279"]

1.c4 e5 2.g3 Nc6 3.Nc3 g6 4.Bg2 Bg7 5.d3 d6 6.e4 f5 7.Nge2 Nf6 8.O-O O-O 9.Nd5
Be6 10.Bg5 Ne7 11.b3 c6 12.Nxe7+ Qxe7 13.Qd2 Rf7 14.d4 Qf8 15.Bxf6 Rxf6
16.Rad1 f4 17.f3 fxg3 18.hxg3 Bh6 19.Qc3 Re8 20.Rd3 Rf7 21.Kh2 Bg5 22.dxe5
dxe5 23.Bh3 Qh6 24.Ng1 Rd7 25.Rfd1 Rd4 26.Kg2 Bxh3+ 27.Nxh3 Be3 28.Rxd4 exd4
29.Qd3 Rf8 30.f4 Qh5 31.Ng5 Qg4 32.Nh3 g5 33.Rf1 gxf4 34.Rf3 h5 35.e5 h4
36.Nxf4 Rxf4 {#R} 0-1

[Event "It (open)"]
[Site "London (England)"]
[Date "2011.12.10"]
[Round "8"]
[White "Gschwendtner Stanislav (CZE)"]
[Black "Yeo Michael J (ENG)"]
[Result "1-0"]
[WhiteElo "2011"]
[BlackElo "2152"]

1.c4 e5 2.g3 Nc6 3.Bg2 g6 4.Nc3 Bg7 5.d3 d6 6.e4 Be6 7.Nge2 Qd7 8.Nd5 Nce7
9.Be3 c6 10.h3 f5 11.Nxe7 Nxe7 12.Qa4 O-O 13.h4 h5 14.f3 b5 15.Qc2 bxc4
16.dxc4 d5 17.O-O-O Qb7 18.Bc5 fxe4 19.fxe4 d4 20.Rhf1 a5 21.Rxf8+ Rxf8 22.Rf1
Rb8 23.Rf3 Bh6+ 24.Kb1 Be3 25.Nc1 Bg4 26.Rf1 Qc7 27.Nd3 Kg7 28.Bf3 Bxf3
29.Rxf3 Ng8 30.Qg2 Nf6 31.Rf1 Nd7 32.Qf3 Nxc5 33.Qf6+ Kh6 34.Nxc5 Qb6 35.Nd3
Qc7 36.Nxe5 Re8 37.Qxg6# 1-0

[Event "It \"]
[Site "Schwaebisch Gmund (Germany)"]
[Date "2012.01.04"]
[Round "5"]
[White "Miezis Normunds (LAT)"]
[Black "Reschke Thomas (GER)"]
[Result "1-0"]
[WhiteElo "2544"]
[BlackElo "2198"]

1.c4 g6 2.Nc3 Bg7 3.g3 e5 4.Bg2 Nc6 5.d3 d6 6.e4 Nge7 7.Nge2 Be6 8.Nd5 f5
9.Be3 Qd7 10.Qd2 h5 11.h4 a6 12.Bg5 Bxd5 13.exd5 Nd8 14.d4 Nf7 15.Be3 b5 16.c5
e4 17.Nf4 Bh6 18.f3 dxc5 19.fxe4 cxd4 20.Qxd4 Qd6 21.O-O O-O 22.Ne6 Bxe3+
23.Qxe3 Rfc8 24.Rae1 fxe4 25.Qxe4 Re8 26.Qd4 Qb6 27.Qxb6 cxb6 28.Nc7 Rac8
29.Nxe8 Rxe8 30.Rf6 {#r} 1-0

[Event "It (cat.5)"]
[Site "Asuncion (Paraguay)"]
[Date "2012.01.14"]
[Round "6"]
[White "Kropff Ricardo (PAR)"]
[Black "Vazquez Guillermo (PAR)"]
[Result "0-1"]
[WhiteElo "2236"]
[BlackElo "2273"]

1.c4 e5 2.g3 Nc6 3.Nc3 g6 4.Bg2 Bg7 5.d3 d6 6.e3 f5 7.Nge2 Nf6 8.O-O O-O 9.b3
e4 10.Rb1 exd3 11.Qxd3 Be6 12.Ba3 Qd7 13.Rbd1 Rad8 14.h3 Rfe8 15.Kh2 Qf7
16.Nf4 Bc8 17.Rd2 Kh8 18.Rc1 Nd7 19.Qf1 Nc5 20.Qd1 Ne4 21.Nxe4 fxe4 22.c5 dxc5
23.Rxc5 Rxd2 24.Qxd2 Ne5 25.Qc2 c6 26.Bxe4 g5 27.Ng2 Bxh3 28.Bb2 Ng4+ 29.Kg1
Rxe4 30.Rxg5 Bxb2 31.Qxb2+ Qf6 {#R} 0-1

[Event "Cup Giovanni Pico"]
[Site "Mirandola (Italy)"]
[Date "2012.01.15"]
[Round "5"]
[White "Sasdelli Massimo"]
[Black "Moi Roberto"]
[Result "0-1"]
[WhiteElo "1840"]
[BlackElo "1931"]

1.c4 e5 2.g3 Nc6 3.Bg2 g6 4.Nc3 Bg7 5.d3 d6 6.Nf3 f5 7.Rb1 Nf6 8.O-O O-O 9.b4
h6 10.e3 Qe8 11.Qc2 g5 12.Nd5 Qf7 13.b5 Nd8 14.Nd2 Be6 15.Qb3 Nh5 16.Ba3 f4
17.Bb2 Qd7 18.Qd1 Bg4 19.f3 Bh3 20.g4 Bxg2 21.Kxg2 fxe3 22.gxh5 exd2 23.Qxd2
Ne6 24.Rf2 c6 25.Nc3 Nf4+ 26.Kh1 Nh3 27.Rff1 Rf7 28.bxc6 bxc6 29.Qe3 Raf8
30.Ne4 g4 31.Ba3 Rxf3 32.Rxf3 Rxf3 33.Rb8+ Kh7 34.Qe2 d5 35.cxd5 cxd5 36.Nc5
Qf5 {#R} 0-1

[Event "It (open)"]
[Site "Nova Gorica (Slovenia)"]
[Round "7"]
[White "Skoberne Jure (SLO)"]
[Black "Martinovic Sasa (CRO)"]
[Result "0-1"]
[WhiteElo "2542"]
[BlackElo "2505"]

1.c4 e5 2.g3 Nc6 3.Bg2 g6 4.Nc3 Bg7 5.d3 d6 6.Rb1 f5 7.Nf3 h6 8.O-O Nf6 9.b4
O-O 10.b5 Ne7 11.a4 Be6 12.a5 Rc8 13.Ba3 b6 14.axb6 axb6 15.Nd2 g5 16.Bb4 Qe8
17.Ra1 h5 18.Ra7 h4 19.Qc1 hxg3 20.fxg3 Bh6 21.e3 Rf7 22.Qd1 Rh7 23.Qe2 g4
24.Nde4 Nxe4 25.dxe4 Qh5 26.Rf2 f4 27.exf4 exf4 28.Qd3 Ng6 29.Nd5 Bxd5
30.Qxd5+ Qxd5 31.exd5 f3 {#R} 0-1

[Event "Tournament (open) \"]
[Site "Uljanovsk (Russia)"]
[Round "1"]
[White "Lyanguzov Oleg (RUS)"]
[Black "Shmyrov Maxim (RUS)"]
[Result "1-0"]
[WhiteElo "2321"]
[BlackElo "1877"]

1.c4 e5 2.Nc3 Nc6 3.g3 g6 4.Bg2 Bg7 5.d3 d6 6.Rb1 a5 7.e3 Nge7 8.Nge2 O-O
9.O-O h6 10.b3 Bd7 11.Bb2 Qc8 12.Re1 Re8 13.Qd2 Nf5 14.d4 exd4 15.exd4 Kh7
16.Ne4 Qd8 17.d5 Ne5 18.h3 Bc8 19.f4 Nd7 20.Bxg7 Kxg7 21.Qc3+ f6 22.g4 Nh4
23.Bh1 Kf7 24.Nd4 Nc5 25.Nxc5 dxc5 26.Ne6 Qd6 27.g5 hxg5 28.fxg5 Rxe6 29.dxe6+
Kg8 30.Rbd1 Qf4 31.gxf6 Qg5+ 32.Kh2 Qf4+ 33.Qg3 Qxg3+ 34.Kxg3 Nf5+ 35.Kf4 Nd4
36.Rxd4 cxd4 37.f7+ Kg7 38.e7 Bd7 39.e8=Q Bxe8 40.fxe8=Q {#r} 1-0

[Event "Ch Madrid (Previa A)"]
[Site "Madrid (Spain)"]
[Date "2012.02.13"]
[Round "4"]
[White "Rottenwoehrer Christoph"]
[Black "Osorio Ramos Francisco (ESP)"]
[Result "0-1"]
[WhiteElo "1595"]
[BlackElo "1848"]

1.c4 e5 2.g3 d6 3.Bg2 Nc6 4.Nc3 g6 5.d3 Bg7 6.Nf3 f5 7.Bg5 Nf6 8.Nd5 h6
9.Nxf6+ Bxf6 10.Bxf6 Qxf6 11.Qb1 a5 12.e3 O-O 13.O-O Kh7 14.Nd2 Be6 15.b3 Rae8
16.a3 Ra8 17.Qb2 Bd7 18.Nb1 f4 19.Nd2 Bf5 20.Qc2 g5 21.Be4 Kg7 22.Qd1 Bh3
23.Bg2 Bxg2 24.Kxg2 Qg6 25.Ne4 f3+ 26.Kh1 g4 27.h4 gxh3 28.Kh2 Kh8 29.Nc3 Ne7
30.Nd5 Nxd5 31.cxd5 e4 32.dxe4 Qxe4 33.Qd4+ Qxd4 34.exd4 Rae8 35.Rfe1 Re2
36.Kxh3 Rxf2 37.Rac1 Rf7 38.Re4 Rb2 39.Rc3 f2 40.Rf4 Rxf4 {#R} 0-1

[Event "Ch Romania"]
[Site "Sarata Monteoru (Romania)"]
[Date "2012.02.13"]
[Round "1"]
[White "Stanciu Alexandru Ovidiu (ROM)"]
[Black "Tiron Calin-Andrei (ROM)"]
[Result "1-0"]
[WhiteElo "2314"]
[BlackElo "1856"]

1.c4 e5 2.g3 Nc6 3.Bg2 g6 4.Nc3 Bg7 5.d3 d6 6.e4 Be6 7.h4 h5 8.Bg5 Qd7 9.Nge2
Nge7 10.Nd5 O-O 11.Nf6+ Bxf6 12.Bxf6 Kh7 13.Qd2 Ng8 14.Bg5 a6 15.b3 Rab8
16.Rc1 f5 17.O-O Rf7 18.d4 exd4 19.Nxd4 Nxd4 20.Qxd4 fxe4 21.Qxe4 Nf6 22.Qd4
Ng4 23.Qa7 Rbf8 24.f3 Ne5 25.Qxb7 Nd3 26.Rcd1 Ne5 27.Qb4 Bh3 28.Qc3 Bxg2
29.Kxg2 Qc6 30.Bc1 Nd7 31.Rd5 Ne5 32.Bf4 Nd7 33.Qd3 Rf6 34.Rxh5+ Kg8 35.Rg5
Kf7 36.Re1 Nc5 37.Qd5+ Qxd5 38.Rxd5 a5 39.Bg5 {#r} 1-0

[Event "It \"]
[Site "Bogota (Colombia)"]
[Date "2012.04.06"]
[Round "6"]
[White "Otalora Carlos Eduardo (COL)"]
[Black "Castrillon Melissa (COL)"]
[Result "0-1"]
[WhiteElo "2086"]
[BlackElo "2185"]

1.c4 e5 2.Nc3 g6 3.g3 Bg7 4.Bg2 d6 5.d3 Nc6 6.e3 Be6 7.Nge2 Qd7 8.Nd5 f5 9.O-O
Nf6 10.Rb1 O-O 11.b4 a6 12.Qb3 Rae8 13.Bd2 Nd8 14.Rfc1 c6 15.Nxf6+ Bxf6 16.a4
g5 17.f4 h5 18.b5 axb5 19.axb5 c5 20.Nc3 exf4 21.exf4 h4 22.Nd5 Bd4+ 23.Be3
Qg7 24.Kf2 gxf4 25.gxf4 Bxe3+ 26.Nxe3 Qd4 27.Rg1 Qxf4+ {#R} 0-1

[Event "It (open)"]
[Site "Nakhchivan (Azerbaijan)"]
[Date "2012.04.28"]
[Round "1"]
[White "Grachev Boris (RUS)"]
[Black "Babaev Talyb (AZE)"]
[Result "1-0"]
[WhiteElo "2705"]
[BlackElo "2344"]

1.c4 g6 2.Nc3 Bg7 3.g3 d6 4.Bg2 Nc6 5.d3 e5 6.e4 Nge7 7.Nge2 O-O 8.h4 Bg4 9.f3
Be6 10.h5 Qd7 11.Nd5 Nc8 12.Bh6 f5 13.hxg6 hxg6 14.Qd2 Nd8 15.Qg5 Bxd5 16.cxd5
Rf6 17.Qh4 Nf7 18.Bxg7 Kxg7 19.g4 fxg4 20.fxg4 g5 21.Qh7+ Kf8 22.O-O-O c6
23.Rdf1 Qd8 24.Ng3 Rf4 25.Nh5 Nb6 26.Qg7+ Ke8 27.Nxf4 gxf4 28.Rh7 Qe7 29.g5
Qf8 30.Qf6 Rc8 31.Qe6+ Qe7 32.Rxf7 cxd5+ 33.Qxc8+ {#r} 1-0

[Event "It (open)"]
[Site "Sarajevo (Bosnia & Herzegovina)"]
[Date "2012.05.06"]
[Round "2"]
[White "Predojevic Borki (BIH)"]
[Black "Kadric Denis (BIH)"]
[Result "0-1"]
[WhiteElo "2642"]
[BlackElo "2403"]

1.g3 g6 2.Bg2 Bg7 3.c4 e5 4.Nc3 Nc6 5.d3 d6 6.Rb1 a5 7.a3 f5 8.Nf3 Nf6 9.O-O
O-O 10.b4 axb4 11.axb4 h6 12.b5 Ne7 13.Qb3 Be6 14.Nd2 Rb8 15.Ra1 g5 16.Ra7 b6
17.Bb2 Ng6 18.Nd5 Bxd5 19.cxd5 Ra8 20.Rfa1 Rxa7 21.Rxa7 h5 22.Qc2 Ne8 23.Qc6
g4 24.Nc4 f4 25.Ra8 Qe7 26.Be4 fxg3 27.hxg3 Qf7 28.f4 Nxf4 29.gxf4 Qxf4
30.Qxe8 Qf1+ 31.Kh2 Rxe8 32.Rxe8+ Kf7 33.Rc8 h4 34.Rxc7+ Kg8 35.Bg2 g3+ {#R}
0-1

[Event "It (open)"]
[Site "Maastricht (Netherlands)"]
[Date "2012.05.27"]
[Round "4"]
[White "Weber Tom (LUX)"]
[Black "Bok Benjamin (NED)"]
[Result "0-1"]
[WhiteElo "2380"]
[BlackElo "2502"]

1.c4 e5 2.g3 Nc6 3.Bg2 g6 4.Nc3 Bg7 5.d3 d6 6.e4 h5 7.h3 h4 8.g4 f5 9.exf5
gxf5 10.Nd5 Be6 11.gxf5 Bxf5 12.Ne2 Qd7 13.Qb3 O-O-O 14.Be3 Kb8 15.O-O-O Nf6
16.Nec3 Rdf8 17.Rh2 Bh6 18.Kb1 Nxd5 19.Nxd5 Bxe3 20.fxe3 Nd8 21.Rf1 c6 22.Nb4
Rhg8 23.Qd1 Ne6 24.Bh1 Ng5 25.a3 Qh7 26.Kc2 a5 27.Na2 Bxd3+ {#R} 0-1

[Event "It \"]
[Site "London (England)"]
[Date "2012.06.03"]
[Round "2"]
[White "Jensen Soren (DEN)"]
[Black "Bhatia Kanwal (ENG)"]
[Result "0-1"]
[WhiteElo "1876"]
[BlackElo "2081"]

1.c4 e5 2.g3 Nc6 3.Bg2 g6 4.Nc3 Bg7 5.d3 d6 6.e4 f5 7.Nge2 Nf6 8.O-O O-O 9.Nd5
h6 10.a3 Ne7 11.Nxf6+ Rxf6 12.Nc3 c6 13.Be3 Be6 14.Qa4 f4 15.gxf4 exf4 16.Bd4
f3 17.Bxf6 fxg2 18.Rfe1 Bxf6 19.Kxg2 Qd7 20.Qd1 Rf8 21.Re3 Bg4 22.Qc2 Bg5
23.Nd1 Bxe3 24.Nxe3 Bf3+ 25.Kg3 g5 26.h3 Qe6 27.Rg1 Qe5# 0-1

[Event "It (open) \"]
[Site "Athens (Greece)"]
[Date "2012.06.14"]
[Round "3"]
[White "Vazelakis Dimitrios (GRE)"]
[Black "Gripeos Kiriakos (GRE)"]
[Result "1-0"]
[WhiteElo "1907"]
[BlackElo "2112"]

1.c4 g6 2.Nc3 Bg7 3.g3 e5 4.Bg2 Nc6 5.d3 d6 6.e4 Nge7 7.Nge2 O-O 8.O-O f5 9.f4
fxe4 10.Nxe4 exf4 11.Nxf4 Bd4+ 12.Kh1 Nf5 13.Nd5 Nce7 14.Bg5 c6 15.Nxe7+ Nxe7
16.Qe2 Be5 17.d4 Bg7 18.Nf6+ Bxf6 19.Rxf6 Rxf6 20.Bxf6 Kf7 21.Bg5 h6 22.Bxh6
Nf5 23.Rf1 Kg8 24.Qd2 Nxh6 25.Qxh6 Bf5 26.Bh3 Be4+ 27.Kg1 Qe7 28.Re1 d5 29.Bg2
Re8 30.Bxe4 Qf7 31.Rf1 {#r} 1-0

[Event "Ch Belgium (open)"]
[Site "Lommel (Belgium)"]
[Date "2012.07.08"]
[Round "9"]
[White "Barbier Sigiswald (BEL)"]
[Black "Van Mechelen Jan (BEL)"]
[Result "1-0"]
[WhiteElo "2092"]
[BlackElo "2247"]

1.c4 g6 2.g3 Bg7 3.Bg2 e5 4.Nc3 d6 5.d3 Nc6 6.e4 h5 7.h4 Bg4 8.f3 Be6 9.Nge2
Nd4 10.Nxd4 exd4 11.Ne2 c6 12.Bg5 Qb6 13.b3 Nf6 14.Rc1 a5 15.O-O Nd7 16.f4 Bg4
17.f5 Bh6 18.Bxh6 Bxe2 19.Qxe2 Rxh6 20.Qd2 Rh8 21.fxg6 fxg6 22.Qg5 Rg8 23.Bh3
Ne5 24.Rf6 Qd8 25.Rcf1 {#r} 1-0

[Event "Ch Scotland"]
[Site "Glasgow (Scotland)"]
[Date "2012.07.12"]
[Round "6"]
[White "Buchanan Walter F (SCO)"]
[Black "Hilton Stephen (SCO)"]
[Result "1-0"]
[WhiteElo "2127"]
[BlackElo "1918"]

1.c4 e5 2.Nc3 Nc6 3.g3 g6 4.Bg2 Bg7 5.d3 d6 6.e3 f5 7.Nge2 Nf6 8.O-O O-O 9.Rb1
Rb8 10.b4 a6 11.a4 Be6 12.Ba3 Re8 13.Qb3 Ne7 14.b5 axb5 15.axb5 g5 16.d4 Ng6
17.b6 e4 18.Nb5 cxb6 19.Nxd6 Re7 20.Qxb6 Qxb6 21.Rxb6 Rc7 22.Rfb1 Bxc4 23.Rc1
Ra8 24.Rxc4 Rd7 25.Rc8+ Rxc8 26.Nxc8 Nd5 27.Re6 {#r} 1-0

[Event "Memorial T.Gniot (open)"]
[Site "Police (Poland)"]
[Date "2012.07.13"]
[Round "3"]
[White "Malisauskas Vidmantas (LTU)"]
[Black "Jacek Roksana (POL)"]
[Result "1-0"]
[WhiteElo "2460"]
[BlackElo "1861"]

1.c4 e5 2.Nc3 Nc6 3.g3 g6 4.Bg2 Bg7 5.d3 d6 6.Rb1 f5 7.b4 Nf6 8.e3 O-O 9.b5
Ne7 10.Nge2 h6 11.O-O g5 12.f4 exf4 13.exf4 g4 14.Re1 Re8 15.Be3 Kh7 16.Bf2 d5
17.Qc2 c6 18.bxc6 bxc6 19.Nd4 a5 20.cxd5 cxd5 21.Ncb5 Bd7 22.Nd6 Rg8 23.Qe2
Bf8 24.Ne6 Bxe6 25.Qxe6 Ra6 26.Qxf6 Rxd6 27.Qe5 Qd7 28.Bc5 Ng6 29.Qe8 Bg7
30.Qxd7 Rxd7 31.d4 Bf6 32.Bf1 Be7 33.Bd3 Rf8 34.Re6 Rc7 35.Rb5 a4 36.Kf2 Kg7
37.Rbb6 {#r} 1-0

[Event "Ch Costa Rica (team)"]
[Site "San Jose (Costa Rica)"]
[Date "2012.07.28"]
[Round "7"]
[White "Duran Sergio (CRC)"]
[Black "Montenegro Esteban (CRC)"]
[Result "1-0"]
[WhiteElo "2303"]
[BlackElo "1986"]

1.c4 e5 2.Nc3 Nc6 3.g3 g6 4.Bg2 Bg7 5.d3 d6 6.e4 f5 7.Nge2 Nh6 8.h4 Be6 9.Nd5
Nf7 10.Be3 h6 11.Qd2 Qd7 12.h5 g5 13.exf5 Bxf5 14.Be4 O-O-O 15.O-O-O Rde8
16.Nec3 Nd4 17.Bxf5 Qxf5 18.Bxd4 exd4 19.Nb5 c6 20.Qa5 b6 21.Qxa7 {#r} 1-0